000
00249 a2200109 4500
001
60264
082
_a
922.92095491 ALA
090
_c
37006
_d
37006
245
_a
Aulia-i-Pakistan
_h
Urdu
250
_a
1st
260
_a
Lahore
_b
Shabbir Borthers
942
_a
CAE NUST
_k
922.97095491 ALA
999
_c
295337
_d
295337